| 000 | 00838cam a22002893a 4500 | ||
|---|---|---|---|
| 001 | 16493 | ||
| 003 | PGUSA | ||
| 005 | 20140828083342.0 | ||
| 008 | 050808s2005||||xxu|||||s|||||000 1 eng d | ||
| 040 |
_aPGUSA _beng |
||
| 042 | _adc | ||
| 050 | 4 | _aPS | |
| 100 | 1 |
_aHale, Edward Everett, _d1822-1909 |
|
| 245 | 1 | 4 |
_aThe Man Without a Country _h[electronic resource] / _cEdward Everett Hale |
| 260 |
_bProject Gutenberg, _c2005 |
||
| 506 | _aPublic domain in the USA. | ||
| 516 | _aElectronic text | ||
| 653 | _aBurr Conspiracy, 1805-1807 -- Fiction | ||
| 653 | _aExiles -- Fiction | ||
| 653 | _aSea stories | ||
| 653 | _aSoldiers -- Fiction | ||
| 653 | _aHistorical fiction | ||
| 653 | _aStateless persons -- Fiction | ||
| 830 | 0 |
_aProject Gutenberg _v16493 |
|
| 856 | 4 | 0 | _uhttp://www.gutenberg.org/ebooks/16493 |
| 942 | _cEB | ||
| 999 |
_c245748 _d245748 |
||